| 000 | 00474nam a2200205Ia 4500 | ||
|---|---|---|---|
| 008 | 210210b2013 xxu||||| |||| 00| 0 eng d | ||
| 020 | _a9789351110712 | ||
| 041 | _aeng | ||
| 082 | _a343.0998 TIWM | ||
| 100 | _aTIWARI (Mahendra) | ||
| 245 | _aMedia and journalism law | ||
| 260 |
_aND _bRandom Publications _c2013 |
||
| 300 | _aviii,280 | ||
| 650 | _aMedia | ||
| 650 | _alaw | ||
| 650 | _ajournalism | ||
| 650 | _aand | ||
| 690 | _aPress Laws | ||
| 906 | _a067902 | ||
| 999 |
_c150913 _d150913 |
||